Príklady účtovania a prevodový mostík Praktické príklady účtovania podľa účtových tried. Komplexný príklad podvojného účtovania vyúsťujúci do účtovej závierky. Vzory výkazov. Prevodové vzťahy účtov (prevodový mostík)

Uložené v:
Podrobná bibliografia
Hlavný autor: Sobolík, Ferdinand
Ďalší autori: Sobolík, Jozef
Médium: Kniha
Jazyk:Slovak
Vydavateľské údaje: Bratislava Elita 1993
Vydanie:1. vyd.
Predmet:
Tagy: Pridať tag
Žiadne tagy, Buďte prvý, kto otaguje tento záznam!

MARC

LEADER 00000nam a2200000 4500
001 c002094
005 20221214082721.6
020 |a 80-85323-25-7 
041 0 |a slo 
044 |a SK 
245 1 0 |a Príklady účtovania a prevodový mostík  |b Praktické príklady účtovania podľa účtových tried. Komplexný príklad podvojného účtovania vyúsťujúci do účtovej závierky. Vzory výkazov. Prevodové vzťahy účtov (prevodový mostík)  |c Ferdinand Sobolík, Jozef Sobolík 
250 |a 1. vyd. 
264 1 |a Bratislava  |b Elita  |c 1993 
300 |a 93 s. 
610 2 0 |a účtovníctvo 
610 2 0 |a zásoby 
610 2 0 |a účty 
610 2 0 |a náklady 
610 2 0 |a výnosy podnikové 
610 2 0 |a výkazy účtovné 
610 2 0 |a účty súvahové 
610 2 0 |a majetok investičný 
100 1 |a Sobolík, Ferdinand 
700 1 |a Sobolík, Jozef